| 000 | 00539nam a2200169 a 4500 | ||
|---|---|---|---|
| 001 | 3159 | ||
| 003 | CDMR | ||
| 005 | 20131129095533.0 | ||
| 008 | 130130s1959||||||||||||||||||||||||||||d | ||
| 040 |
_aCDMR _bcat _cCDMR |
||
| 100 | 1 |
_aArias Salgado, Gabriel _92300 |
|
| 245 | 1 | 0 |
_aPolítica española de la información _b: discurso ante el V Consejo Nacional de Prensa _cGabriel Arias-Salgado |
| 260 |
_aMadrid _c1959 _bImprenta Nacional |
||
| 300 |
_a54 p ; _c21 cm |
||
| 650 | 0 | 4 |
_94358 _aEspanya _xPolítica de la comunicació |
| 942 |
_cFULLET _2udc |
||
| 999 |
_c3159 _d3159 |
||